<?xml version="1.0" encoding="UTF-8"?>
<collection xmlns="http://www.loc.gov/MARC21/slim">
 <record>
  <leader>00602pamaa2200157   4500</leader>
  <controlfield tag="001">0000041602</controlfield>
  <controlfield tag="005">20070315090000.0</controlfield>
  <controlfield tag="008">070309                             eng  </controlfield>
  <datafield tag="020" ind1="0" ind2="0">
   <subfield code="a">Nil </subfield>
  </datafield>
  <datafield tag="090" ind1="0" ind2="0">
   <subfield code="a">TA684 </subfield>
   <subfield code="b">BRI 1970</subfield>
  </datafield>
  <datafield tag="110" ind1="1" ind2="0">
   <subfield code="a">BRITISH Standards Institution</subfield>
  </datafield>
  <datafield tag="245" ind1="1" ind2="0">
   <subfield code="a">Specification for the use of structural steel in building : </subfield>
   <subfield code="b">part 1. imperial units : </subfield>
   <subfield code="b">part 1. imperial units : </subfield>
   <subfield code="b">BS 449 : Part 1 : 1970  </subfield>
   <subfield code="c">British Standards Institution.</subfield>
  </datafield>
  <datafield tag="260" ind1="0" ind2="0">
   <subfield code="a">London: </subfield>
   <subfield code="b">British Standards Institution, </subfield>
   <subfield code="c">1970.</subfield>
  </datafield>
  <datafield tag="300" ind1=" " ind2=" ">
   <subfield code="a">117p.: </subfield>
   <subfield code="b">ill.; </subfield>
   <subfield code="c">21 cm.</subfield>
  </datafield>
  <datafield tag="650" ind1="0" ind2="0">
   <subfield code="a">Building, Iron and steel </subfield>
  </datafield>
  <datafield tag="650" ind1="0" ind2="0">
   <subfield code="a">Steel, Structural </subfield>
  </datafield>
 </record>
</collection>
